How Immigrants Contribute to Developing Countries' Economies

Uložené v:
Podrobná bibliografia
Korporativný autor: International Labour Organization
Médium: Kniha
Jazyk:English
Vydavateľské údaje: Paris OECD 2018
Predmet:
Tagy: Pridať tag
Žiadne tagy, Buďte prvý, kto otaguje tento záznam!

MARC

LEADER 00000nam a2200000 4500
001 0241764
005 20221220065603.3
020 |a 978-92-64-28877-5 
041 0 |a eng 
044 |a FR 
245 1 0 |a How Immigrants Contribute to Developing Countries' Economies 
264 1 |a Paris  |b OECD  |c 2018 
300 |a 190 s. 
610 2 0 |a migrácia 
610 2 0 |a utečenci 
610 2 0 |a rozvoj hospodársky 
610 2 0 |a integrácia sociálna 
610 2 0 |a právo 
610 2 0 |a trh práce 
610 2 0 |a kapitál ľudský 
610 2 0 |a vzdelávanie 
610 2 0 |a rast hospodársky 
610 2 0 |a produktivita 
610 2 0 |a podnikanie 
610 2 0 |a financie verejné 
710 2 |a International Labour Organization